000 01034nam0a22002771 4500
001 RU\INFOCOMM_322\NLR\5000261523
005 20250614080504.0
035 _a(NLR Aleph) 010602938
090 _a10543410
_c10543410
100 _a20130324d1979 |||y0rusy50 ca
101 0 _aeng
102 _aRU
105 _ay z||||
200 1 _aProduction of four pions in e⁺e⁻ collisions below 1.4. GeV
_fL. M. Kurdadze, M. Yu. Lelchuk, V. A. Sidorov et al.
210 _aНовосибирск
_d1979
215 _a12, [6] с.
_cдиагр.
_d20 см
225 1 _aПрепринт
_fИн-т ядерной физики СО АН СССР
_vИЯФ 79-69
320 _aБиблиогр.: с. 11
606 0 _aПионы (физ.)
_xОбразование при столкновении позитронов с электронами
_2nlr_sh1
686 _aВ382.34
_2rubbk
701 1 _aKurdadze
_bL. M.
801 1 _aRU
_bInfocomm
_c20130324
801 0 _aRU
_bINFOCOMM
_gPSBO
852 _aNLR
_jФз01 Д-4/1164
942 _cBOOK
980 _aNB